000 00301nam a2200121Ia 4500
008 220901s9999||||xx |||||||||||||| ||und||
082 _a004 IBM
100 _aIBM
_910881
245 0 _aIBM system journal
250 _aVol. 47 Issue No. 1, 2 & 3
260 _bIBM
_c2007
650 _aDatabase Management
999 _c193514
_d193514